00785nam a2200169 a 450000100100000000500170001000800410002704000250006808200150009324500780010826000450018630000200023170000490025195201130030095201850041399900170059800002827920240320074002.0110407s1994 dr r 000 0 spa d aDO-SdBNPbspacBNPHU axxxxbxxxx00aDos artículos del padre Alemán, S. J. /ceditor Rafael Bello Peguero. aSanto Domingo :fAmigo del hogar,c1994. a47 p. ;c20 cm.1 aBello Peguero, Rafael,d1932-2022eed.92405 0010718PDaPDbPDcHDd2011-04-07iLF1l0oxxxx xxxxp28279-10r2020-06-25w2020-06-25yLFPDZNo se presta 0010718PDaPDbPDcHDd2019-06-24iLF1l0oxxxx xxxxp28279-20r2020-06-25te. 2w2020-06-25yLFPDzPerteneció a la biblioteca personal de la familia Reyes Duluc.ZNo se presta c27771d27771